Frei Otto: tension structures
Gardado en:
| Autor Principal: | |
|---|---|
| Formato: | Libro |
| Idioma: | inglés |
| Publicado: |
Nueva York
Praeger
1970
|
| Subjects: | |
| Tags: |
Engadir etiqueta
Sen Etiquetas, Sexa o primeiro en etiquetar este rexistro!
|
MARC
| LEADER | 00000nam a2200000 a 4500 | ||
|---|---|---|---|
| 001 | UCV7983 | ||
| 003 | CL-VaPUC | ||
| 008 | 900323e19700000US |||||||||||||||||eng|d | ||
| 082 | 0 | 4 | |a 721.042 |b ROL |2 21 |
| 100 | 0 | |a Roland, Conrad |e author |9 302078 | |
| 245 | 1 | 0 | |a Frei Otto: tension structures |
| 300 | |a 172 p | ||
| 942 | |c BK | ||
| 945 | |d 19900323 00:00:00 | ||
| 260 | |a Nueva York |b Praeger |c 1970 | ||
| 650 | 0 | |a Diseño arquitectónico |9 265271 | |
| 650 | 7 | |a ESTRUCTURAS ESPECIALES |2 CL-VaPUC |9 265889 | |
| 583 | |a last modification |c 19900323 00:00:00 |k Rodrigo Vera | ||
| 999 | |c 213579 |d 213577 | ||
| 952 | |0 0 |1 0 |4 0 |6 721_042000000000000_ROL_1970 |7 0 |8 R |9 196074 |a BIBARQ |b BIBARQ |d 2019-11-14 |i 2640260 |o 721.042 ROL 1970 |p 2640260 |r 2025-01-20 |w 2019-11-14 |y BK_R |k ARQ | ||